[Event "Oberbayerische Jugend-EM 2014/15  U14"]
[Site "Riedenburg"]
[Date "2015.02.18"]
[Round "1"]
[White "Ott, Josef Sebastian"]
[Black "Hashagen, Tim"]
[Result "1-0"]
[BlackElo "1353"]
[WhiteElo "1742"]

1.e4 e6 2.d4 d5 3.Nc3 Nf6 4.e5 Nfd7 5.Nce2 c5 6.c3 Nc6 7.f4 Qb6 8.Nf3 Be7 9.g3 O-O
10.Bh3 cxd4 11.cxd4 Ndb8 12.O-O f6 13.a3 Na5 14.Kh1 Nb3 15.Rb1 Nc6 16.Be3 Bd7 17.Nc1
Nxc1 18.Qxc1 Rac8 19.Qd1 Na5 20.Nd2 Nc4 21.Nxc4 Rxc4 22.Qd2 Rfc8 23.Rfc1 Qb3 24.Rxc4
Qxc4 25.Rc1 Qxc1+ 26.Qxc1 Rxc1+ 27.Bxc1 Bd8 28.Bd2 Kf7 29.Kg2 Bb5 30.Bc3 Bd3 31.g4
g6 32.Kg3 f5 33.g5 Bb6 34.Bg2 a6 35.Bf3 Bc2 36.Be2 Bb3 37.Kf2 Ke7 38.Ke3 Kd7 39.h4
Kc6 40.h5 Kd7 41.Bf3 Kc6 42.hxg6 hxg6 43.Bh5 Kd7 44.Bxg6 Ke7 45.Bb4+ Kd8 46.Bh5 Ba4
47.g6   1-0

[Event "Oberbayerische Jugend-EM 2014/15  U14"]
[Site "Riedenburg"]
[Date "2015.02.18"]
[Round "1"]
[White "Erdösi, Niko"]
[Black "Feicht, Florian"]
[Result "1-0"]
[BlackElo "1492"]
[WhiteElo "1302"]

1.e4 e5 2.Nf3 Nc6 3.Bc4 Bc5 4.d3 h6 5.Nc3 Nf6 6.Be3 Bb6 7.d4 exd4 8.Nxd4 Bxd4 9.Bxd4
Nxd4 10.Qxd4 d6 11.h3 O-O 12.O-O Be6 13.Bb3 Qe7 14.Rfe1 Nh5 15.Bd5 c6 16.Bb3 Rfd8
17.Re3 c5 18.Qd1 Nf6 19.Nd5 Bxd5 20.Bxd5 Rab8 21.Bb3 b5 22.a3 c4 23.Ba2 Qb7 24.Qd4
Rd7 25.Rg3 Qxe4 26.Qxf6 g6 27.Qc3 d5 28.Re1 Qf4 29.Qe5 Qxe5 30.Rxe5 d4 31.Bb1 a6
32.Rc5 Rbd8 33.Rf3 d3 34.cxd3 cxd3 35.Rc1 d2 36.Rd1 Re7 37.Re3 Rxe3 38.fxe3 Rc8 39.Kf2
Rc1 40.Ke2   1-0

[Event "Oberbayerische Jugend-EM 2014/15  U14"]
[Site "Riedenburg"]
[Date "2015.02.18"]
[Round "1"]
[White "Wachtel, Arthur"]
[Black "Schneider, Paul"]
[Result "1-0"]
[BlackElo "1288"]
[WhiteElo "1489"]

1.e4 e5 2.Nf3 Nc6 3.Bc4 Nf6 4.d3 Bc5 5.c3 d6 6.Bb3 h6 7.Nbd2 Be6 8.h3 Bxb3 9.axb3
a5 10.Nf1 b5 11.Ng3 b4 12.Nf5 O-O 13.c4 Ne7 14.N3h4 Kh7 15.Nxe7 Qxe7 16.Nf5 Qe6 17.g4
Ng8 18.Qd2 Qg6 19.Qe2 Nf6 20.Nh4 Bxf2+ 21.Qxf2 Nxe4 22.Nxg6 Nxf2 23.Kxf2 fxg6+ 24.Ke2
Rf6 25.Be3 Raf8 26.Raf1 Rxf1 27.Rxf1 Rxf1 28.Kxf1 Kg8 29.Ba7 Kf7 30.Bb8 c5 31.Bxd6
h5 32.Bxc5 Ke6 33.Bb6 hxg4 34.hxg4 e4 35.dxe4 Ke5 36.Bxa5 Kxe4 37.Bxb4 g5 38.Bd2
g6 39.Ke2 Kd4 40.Bc3+ Kc5 41.Ke3 Kc6 42.Kd4 Kb6 43.b4 Kc6 44.b5+ Kb6 45.Bd2 Kb7 46.c5
Kc7 47.Bxg5 Kb7 48.b4 Ka7 49.Kc4 Kb7 50.b6 Ka6 51.b5+ Kb7 52.Kd5 Ka8 53.Ke6 Kb8 54.Kf6
Kb7 55.Kxg6 Kc8 56.Kf7 Kb7 57.Be3 Kc8 58.g5 Kb8 59.g6 Kc8 60.g7 Kb7 61.Bf4 Kc8 62.g8=Q+
Kd7 63.Qe8#   1-0

[Event "Oberbayerische Jugend-EM 2014/15  U14"]
[Site "Riedenburg"]
[Date "2015.02.18"]
[Round "1"]
[White "von Freymann, Franz"]
[Black "Yaroshenko, Yaroslav"]
[Result "0-1"]
[BlackElo "1419"]
[WhiteElo "1219"]

1.d4 d5 2.c4 c6 3.Nc3 Nf6 4.Bf4 e6 5.Nf3 Be7 6.e3 O-O 7.Bd3 Nbd7 8.O-O b6 9.Qc2 h6
10.e4 dxc4 11.Bxc4 Bb7 12.Bd3 c5 13.Qd2 cxd4 14.Nxd4 e5 15.Nf5 exf4 16.Qxf4 Nc5 17.Bc2
Ne6 18.Qg3 g6 19.Nxh6+ Kh7 20.Nxf7 Rxf7 21.Qh3+ Kg7 22.Qxe6 Qf8 23.e5 Nh7 24.Qg4
Kh8 25.g3 Rg7 26.Rfe1 Bc5 27.Nd1 Bf3 28.Qh3 Bxd1   0-1

[Event "Oberbayerische Jugend-EM 2014/15  U14"]
[Site "Riedenburg"]
[Date "2015.02.18"]
[Round "1"]
[White "Feicht, Franz"]
[Black "Schnegelberg, Christian"]
[Result "0-1"]
[BlackElo "1213"]
[WhiteElo "1408"]

1.e4 c5 2.Nf3 d6 3.c3 Nf6 4.Be2 g6 5.e5 dxe5 6.Nxe5 Bg7 7.d3 O-O 8.Be3 Qd5 9.Nf3 b5
10.d4 cxd4 11.Nxd4 Bb7 12.Bf3 Qd7 13.Qe2 Bxf3 14.Qxf3 Rc8 15.Na3 Nd5 16.Ndxb5 Na6
17.Rd1 e6 18.c4 Rxc4 19.Nxc4 Qxb5 20.Nd2 Nab4 21.Rb1 Nd3+ 22.Kf1 N3f4+ 23.Kg1 Ne2+
24.Kf1 Nd4+ 25.Ke1 Nxf3+ 26.Nxf3 Bc3+ 27.Bd2 Rd8 28.Rc1 Bxd2+ 29.Nxd2 Nf4 30.Kd1
Rxd2+ 31.Kxd2 Qd3+   0-1

[Event "Oberbayerische Jugend-EM 2014/15  U14"]
[Site "Riedenburg"]
[Date "2015.02.18"]
[Round "1"]
[White "Speter, Ivan"]
[Black "Kleine, Jakob"]
[Result "1-0"]
[BlackElo "1380"]
[WhiteElo "1135"]

1.d4 d5 2.Nf3 Nf6 3.g3 Bf5 4.Bg2 e6 5.c4 dxc4 6.Qa4+ Nc6 7.Ne5 Bb4+ 8.Nc3 O-O 9.Nxc6
Bxc3+ 10.bxc3 bxc6 11.Bxc6 Rb8 12.Ba3 Be4 13.Bxe4 Nxe4 14.Bxf8 Qxf8 15.Qxc4 Qd6 16.f3
Nf6 17.Qc5 Qxc5 18.dxc5 Kf8 19.O-O Rb2 20.Rab1 Rxa2 21.Rb7 Nd5 22.Rd1 Rxe2 23.c4
Nf6 24.Rxc7 g6 25.Rxa7 Rc2 26.c6 Nd5 27.Rxd5 exd5 28.c7 Rxc4 29.Ra8+ Kg7 30.c8=Q
  1-0

[Event "Oberbayerische Jugend-EM 2014/15  U14"]
[Site "Riedenburg"]
[Date "2015.02.18"]
[Round "1"]
[White "Karaman, Engin Deniz"]
[Black "Oelmaier, Manuel"]
[Result "1-0"]
[BlackElo "1058"]
[WhiteElo "1380"]

1.e4 e6 2.d3 d5 3.Nd2 Bd6 4.Ngf3 Nc6 5.c3 Nf6 6.g3 O-O 7.Bg2 e5 8.O-O Bg4 9.Qc2 Bc5
10.Nxe5 Nxe5 11.d4 Nc4 12.Nxc4 dxc4 13.dxc5 Re8 14.Bf4 Qe7 15.e5 Nh5 16.Bxb7 Nxf4
17.Qe4 Be2 18.Bxa8 Bxf1 19.Rxf1 Ne6 20.Bc6 Nxc5 21.Qxc4 Nd7 22.Qf4 Qe6 23.Ba4 Re7
24.Qd4 c5 25.Qd6 h6 26.Bxd7 Qxd6 27.exd6 Rxd7 28.Rd1 f6 29.Rd5 c4 30.Rd4 Kf7 31.Rxc4
Ke6 32.Rc6 Rxd6 33.Rxd6+ Kxd6 34.Kg2 Kd5 35.Kf3 g6 36.b3 Ke5 37.Ke3 Kd5 38.c4+ Kc5
39.a3 a5 40.Kd3 f5 41.Kc3   1-0

[Event "Oberbayerische Jugend-EM 2014/15  U14"]
[Site "Riedenburg"]
[Date "2015.02.19"]
[Round "2"]
[White "Karaman, Engin Deniz"]
[Black "Ott, Josef Sebastian"]
[Result "0-1"]
[BlackElo "1742"]
[WhiteElo "1380"]

1.e4 c5 2.Nf3 d6 3.d3 Nc6 4.Nbd2 Nf6 5.g3 Bg4 6.c3 Ne5 7.Bg2 Nxd3+ 8.Ke2 Ne5 9.Qc2
g6 10.Re1 Bg7 11.Kf1 Nc6 12.Kg1 O-O 13.Nc4 b5 14.Ne3 Bd7 15.b3 b4 16.Bb2 a5 17.a3
h6 18.Qd3 Qc7 19.Rad1 Rfb8 20.axb4 axb4 21.e5 dxe5 22.Nd5 Nxd5 23.Qxd5 Be6 24.Qxc5
Ra5 25.Qe3 Ra2 26.Bc1 Bxb3 27.Rd2 Rxd2 28.Bxd2 e4 29.Nd4 Nxd4 30.cxd4 Qc4 31.Qf4
Rd8 32.Rxe4 e6 33.d5 Qxd5 34.Bxb4 Qb5 35.Bd2 Qd3 36.Ba5 Rc8 37.Bd2 Rc2 38.Be1 Bd5
39.Re3 Qd1 40.Bf1 Bd4 41.Bd3 Bxe3 42.Qxe3 Rc1 43.Kf1 Bg2+ 44.Kxg2 Qxe1 45.Qxh6 Ra1
46.Qg5 Qh1+ 47.Kh3 Qd5 48.Qf6 Qh5+ 49.Kg2 Ra5 50.Bf1 Rf5 51.Qd8+ Kg7 52.Qd3 Rd5 53.Qe3
Qe5 54.Qf3 Ra5 55.Qg4 Qf5 56.Qd4+ Qe5 57.Qg4 Ra3 58.Kg1 Ra1 59.Kg2 Re1 60.Qh3 Qf5
61.g4 Qe4+ 62.Kg1 Qc4 63.f3 Qd4+ 64.Kg2 Qd2+ 65.Kg1 Qe3+ 66.Kg2 Rb1 67.Ba6 Qg1# 
 0-1

[Event "Oberbayerische Jugend-EM 2014/15  U14"]
[Site "Riedenburg"]
[Date "2015.02.19"]
[Round "-"]
[White "Schnegelberg, Christian"]
[Black "Wachtel, Arthur"]
[Result "1-0"]
[BlackElo "1489"]
[WhiteElo "1213"]

1.d4 e6 2.c4 Nf6 3.Nc3 Bb4 4.Qc2 b6 5.a3 Bxc3+ 6.Qxc3 Bb7 7.Bg5 Ne4 8.Bxd8 Nxc3 9.Bxc7
Ne4 10.e3 Nf6 11.Nf3 Nc6 12.Bd3 Rc8 13.Bd6 Na5 14.Ne5 Be4 15.Bxe4 Nxe4 16.Bb4 Nxc4
17.Rc1 Ncd6 18.Rxc8+ Nxc8 19.O-O a5 20.Rc1 Ned6 21.Bxd6 Nxd6 22.Rc7 Nb5 23.Rc8+ 
 1-0

[Event "Oberbayerische Jugend-EM 2014/15  U14"]
[Site "Riedenburg"]
[Date "2015.02.19"]
[Round "2"]
[White "Yaroshenko, Yaroslav"]
[Black "Erdösi, Niko"]
[Result "1-0"]
[BlackElo "1302"]
[WhiteElo "1419"]

1.d4 d5 2.c4 e6 3.Nc3 Nf6 4.e3 Be7 5.Bd3 O-O 6.Nf3 b6 7.cxd5 exd5 8.O-O Bg4 9.Be2
Nc6 10.Bd2 Bf5 11.a3 a5 12.Rc1 Bd7 13.Qc2 Na7 14.Ne5 Be8 15.Na2 Bd6 16.b4 a4 17.Bd3
b5 18.Nc3 h6 19.Ne2 Qe7 20.f4 Nh5 21.Rf3 Qe6 22.Ng3 f6 23.Bh7+ Kh8 24.Ng6+ Bxg6 25.Qxg6
Nxg3 26.Rxg3 Rf7 27.Qd3 f5 28.Bg6 Rf6 29.Bh5 Qe4 30.Qe2 Qe6 31.Rh3 Rd8 32.Be1 Rd7
33.Bh4 Rf8 34.Qf2 Be7 35.Bxe7 Rxe7 36.Rg3 Rc8 37.Rc3 Qe4 38.h3 Qb1+ 39.Kh2 Qa1 40.Qc2
Qe1 41.Rd3 Qa1 42.Qc5 Rd7 43.Qxa7 Qc1 44.Qc5 Qxc5 45.dxc5 c6 46.Rg6 Rdc7 47.Re6 Kh7
48.Bg6+ Kg8 49.Bxf5 Kf7 50.Rd6 Rf8 51.Rd7+ Rxd7 52.Bxd7 Rb8 53.Bxc6 Kf6 54.Bxd5 Rd8
55.Rd4 Ke7 56.Bf3 Rc8 57.Bg4 Rc7 58.Rd7+ Rxd7 59.Bxd7 Kxd7 60.Kg3 Ke6 61.e4 Kd7 62.Kg4
Ke6 63.Kh5 Kf6 64.g4 Kf7 65.g5 hxg5 66.Kxg5 g6 67.f5 gxf5 68.Kxf5 Ke7 69.h4 Kf7 70.h5
Kf8 71.h6 Kf7 72.h7 Kg7 73.c6 Kxh7 74.c7 Kg7 75.c8=Q Kh7 76.Qc7+ Kh8 77.Kg6 Kg8 78.Qc8#
  1-0

[Event "Oberbayerische Jugend-EM 2014/15  U14"]
[Site "Riedenburg"]
[Date "2015.02.19"]
[Round "2"]
[White "Feicht, Florian"]
[Black "Speter, Ivan"]
[Result "1-0"]
[BlackElo "1135"]
[WhiteElo "1492"]

1.e4 e5 2.Nf3 Nc6 3.Bb5 Qf6 4.d3 Bc5 5.Be3 Bxe3 6.fxe3 Nge7 7.O-O O-O 8.Nc3 a6 9.Ba4
b5 10.Bb3 Na5 11.Bd5 c6 12.Bb3 Nxb3 13.axb3 Bb7 14.Ne2 d5 15.exd5 Nxd5 16.Qd2 Qh6
17.e4 Qe3+ 18.Rf2 Qxd2 19.Nxd2 Ne3 20.c3 Rfd8 21.Rf3 Ng4 22.Raf1 f6 23.Nc1 a5 24.Rg3
Bc8 25.h3 Nh6 26.Rxf6 Nf7 27.Rxc6 a4 28.Rb6 a3 29.bxa3 Rxa3 30.Rf3 Ba6 31.Kh2 Ra1
32.Rf1 b4 33.c4 Bc8 34.Rxb4 Be6 35.Rb6 Ng5 36.h4 Nxe4 37.Nxe4 Bc8 38.Rb8 h6 39.Nd6
Rxd6 40.Rxc8+ Kh7 41.h5 Rf6 42.Rxf6 gxf6 43.Ne2 Re1 44.Nc3 f5 45.Nd5 e4 46.Rc7+ Kg8
47.dxe4 fxe4 48.Re7 Kf8 49.b4 Re2 50.Re5 Kf7 51.Re7+ Kf8 52.Re5 Kf7 53.Rf5+ Ke6 54.Rf6+
Ke5 55.Rxh6 e3 56.Rh8 Re1 57.Nxe3 Ra1 58.b5 Kf4 59.b6 Rb1 60.c5 Kxe3 61.c6 Kf2 62.c7
Rb4 63.c8=Q Rh4+ 64.Qh3 Rb4 65.Rf8+ Ke1 66.Qc3+ Ke2 67.Qxb4   1-0

[Event "Oberbayerische Jugend-EM 2014/15  U14"]
[Site "Riedenburg"]
[Date "2015.02.19"]
[Round "2"]
[White "Schneider, Paul"]
[Black "Feicht, Franz"]
[Result "1/2-1/2"]
[BlackElo "1408"]
[WhiteElo "1288"]

1.e4 e5 2.Nf3 Nc6 3.d4 exd4 4.Nxd4 Nxd4 5.Qxd4 d6 6.Nc3 Nf6 7.Bg5 Be7 8.O-O-O Be6
9.Bc4 O-O 10.Bxe6 fxe6 11.e5 Ne8 12.Bxe7 Qxe7 13.exd6 cxd6 14.g3 b6 15.Qe4 Nc7 16.f4
Rad8 17.Qb7 Ra8 18.Nb5 Rfc8 19.Nxc7 d5 20.Rhe1 Qxc7 21.Qxc7 Rxc7 22.Rxe6 Rd8 23.Re2
Kf7 24.Kd2 Kf6 25.Kd3 d4 26.Re4 Kf7 27.h3 Kf6 28.Rde1 Kf7 29.a3 Rcd7 30.Re5 Kf8 31.R5e4
Kf7   1/2-1/2

[Event "Oberbayerische Jugend-EM 2014/15  U14"]
[Site "Riedenburg"]
[Date "2015.02.19"]
[Round "2"]
[White "Hashagen, Tim"]
[Black "Oelmaier, Manuel"]
[Result "1-0"]
[BlackElo "1058"]
[WhiteElo "1353"]

1.e4 e6 2.d4 d5 3.Nd2 c5 4.c3 Nc6 5.exd5 exd5 6.Bb5 Nf6 7.Ngf3 Bd6 8.O-O O-O 9.Re1
Qb6 10.Bxc6 bxc6 11.Nf1 Bg4 12.Ne3 Bxf3 13.Qxf3 cxd4 14.cxd4 Qxd4 15.Nf5 Rfe8 16.Bg5
Qb4 17.Rec1 Ne4 18.Be3 Re6 19.Nxd6 Rxd6 20.Qf4 Qb8 21.f3 Nf6 22.Qd4 Qb7 23.Rc2 a6
24.Rac1 Rc8 25.Rc3 Re6 26.Rb3 Qa8 27.Ra3 Qb7 28.Kf2 Rxe3 29.Rxe3 h6 30.Rb3 Qc7 31.Rbc3
Qb7 32.b3 Qb5 33.Qc5 Qxc5+ 34.Rxc5 Nd7 35.Rxc6 Rxc6 36.Rxc6   1-0

[Event "Oberbayerische Jugend-EM 2014/15  U14"]
[Site "Riedenburg"]
[Date "2015.02.19"]
[Round "2"]
[White "Kleine, Jakob"]
[Black "von Freymann, Franz"]
[Result "0-1"]
[BlackElo "1219"]
[WhiteElo "1380"]

1.e4 c5 2.Nf3 d6 3.c3 Nf6 4.Bc4 Bg4 5.Qb3 e6 6.Qxb7 Nbd7 7.Bb5 Be7 8.Bxd7+ Nxd7 9.Qb3
O-O 10.d4 cxd4 11.cxd4 Bf6 12.Nbd2 Rb8 13.Qa3 Qb6 14.Nc4 Qb4+ 15.Qxb4 Rxb4 16.Nxd6
Bxd4 17.Nxd4 Rxd4 18.Nb5 Rd1#   0-1

[Event "Oberbayerische Jugend-EM 2014/15  U14"]
[Site "Riedenburg"]
[Date "2015.02.19"]
[Round "3"]
[White "Ott, Josef Sebastian"]
[Black "Yaroshenko, Yaroslav"]
[Result "0-1"]
[BlackElo "1419"]
[WhiteElo "1742"]

1.e4 e5 2.Nf3 Nc6 3.Bc4 Be7 4.c3 Nf6 5.d3 O-O 6.Bb3 d6 7.Nbd2 Bd7 8.h3 Kh8 9.Nf1 Ne8
10.g4 Be6 11.Bc2 d5 12.Qe2 f6 13.Ng3 dxe4 14.dxe4 Nd6 15.Bd3 Qd7 16.Nf5 Rad8 17.Ne3
Nf7 18.Bc2 Bc5 19.Nh4 Bb6 20.Nhf5 Nd6 21.Rg1 Bxe3 22.Nxe3 g6 23.b3 f5 24.exf5 gxf5
25.Ba3 f4 26.Nf5 Rf6 27.O-O-O Bxf5 28.Bxf5 Qf7 29.Bc2 Re8 30.g5 Rfe6 31.Qg4 e4 32.h4
Ne5 33.Qh3 Nf3 34.Rg2 Qh5 35.c4 Kg8 36.Rg4 Qf7 37.Bxd6 Rxd6 38.Rxd6 cxd6 39.Bxe4
Rxe4 40.Qxf3 Qf5 41.Rg1 d5 42.cxd5 Qxd5 43.Rd1 Rc4+ 44.bxc4 Qxf3 45.Rd8+ Kf7 46.Rd7+
Kg6 47.Rd6+ Kf5 48.Rf6+ Kg4 49.Rh6 Qc3+ 50.Kb1 Qxc4 51.f3+ Kxf3 52.h5 Qb5+   0-1

[Event "Oberbayerische Jugend-EM 2014/15  U14"]
[Site "Riedenburg"]
[Date "2015.02.19"]
[Round "3"]
[White "Erdösi, Niko"]
[Black "Schnegelberg, Christian"]
[Result "0-1"]
[BlackElo "1213"]
[WhiteElo "1302"]

1.e4 c5 2.f4 Nc6 3.Nf3 e6 4.Nc3 g6 5.d3 Bg7 6.Be2 Nge7 7.O-O O-O 8.Qe1 Nd4 9.Bd1 Nec6
10.a3 Nxf3+ 11.Rxf3 d5 12.exd5 exd5 13.Rf1 Bd4+ 14.Kh1 Re8 15.Qg3 Bf6 16.Qf3 Be6
17.Re1 Bg4 18.Qf1 Rxe1 19.Qxe1 Qe8 20.Qf1 Bxd1 21.Qxd1 Qe6 22.Bd2 Re8 23.g3 Nd4 24.Rc1
Ne2 25.Nxe2 Qxe2 26.b3 Bb2 27.Rb1 Bxa3 28.Qxe2 Rxe2 29.Ra1 Bb2 30.Ra2 Bd4 31.Ba5
b6 32.Bxb6 axb6 33.Ra6 Rxc2 34.Rxb6 Rb2 35.Rb5 Rd2 36.b4 cxb4 37.Rxb4 Rxd3 38.Kg2
Rd2+ 39.Kf3 h5 40.g4 hxg4+ 41.Kxg4 f5+ 42.Kg5 Rg2+ 43.Kh4 Rg4+ 44.Kh3 Rxf4 45.Kg3
Rg4+ 46.Kh3 Kf7 47.Rb7+ Ke6 48.Re7+ Kf6 49.Re6+ Kg7 50.Re7+ Kh6 51.Rh7+ Kg5 52.Rh5+
Kf4 53.Rxf5+ Ke4 54.Re5+ Bxe5 55.Kxg4 Bxh2 56.Kh3 d4 57.Kg2 g5 58.Kf2 g4 59.Kg2 Ke3
60.Kf1 d3   0-1

[Event "Oberbayerische Jugend-EM 2014/15  U14"]
[Site "Riedenburg"]
[Date "2015.02.19"]
[Round "3"]
[White "Feicht, Franz"]
[Black "Kleine, Jakob"]
[Result "0-1"]
[BlackElo "1380"]
[WhiteElo "1408"]

1.e4 e5 2.Nf3 Nc6 3.Bc4 Bc5 4.Nc3 Nf6 5.d3 h6 6.Be3 Bb6 7.Qd2 d6 8.h3 Be6 9.Bb3 Qd7
10.d4 exd4 11.Nxd4 Nxd4 12.Bxd4 Bxd4 13.Qxd4 Bxb3 14.axb3 a6 15.O-O O-O 16.Rad1 Qc6
17.Rfe1 Rfe8 18.Rd3 Re6 19.Rg3 Re5 20.f4 Qc5 21.Qxc5 Rxc5 22.e5 Nh5 23.Rf3 Re8 24.b4
Rc4 25.Ref1 dxe5 26.fxe5 Rxe5 27.Rxf7 Nf6 28.R7xf6 gxf6 29.Rxf6 Kg7 30.Rf2 Rxb4 31.b3
Rb6 32.Rd2 Rd6 33.Rf2 Rc6 34.Na2 a5 35.c4 Re3 36.Rb2 Rb6 37.Rd2 Rd6 38.Rb2 Rdd3 39.b4
axb4 40.Rxb4 Rb3 41.Ra4 Ra3 42.Rxa3 Rxa3 43.Nb4 Ra4 44.Nd5 Rxc4 45.Kf2 b5 46.Ne3
Rc5 47.Ke2 Re5 48.Kd3 Rxe3+ 49.Kxe3 c5 50.g4 b4 51.Kd3 b3 52.Kc3 c4 53.h4 Kf6 54.Kb2
Ke5 55.Kc3 Kf4 56.g5 hxg5 57.h5 Kf5 58.Kb2 g4 59.h6 Kg6 60.h7 Kxh7 61.Kc3   0-1

[Event "Oberbayerische Jugend-EM 2014/15  U14"]
[Site "Riedenburg"]
[Date "2015.02.19"]
[Round "3"]
[White "Wachtel, Arthur"]
[Black "Hashagen, Tim"]
[Result "1/2-1/2"]
[BlackElo "1353"]
[WhiteElo "1489"]

1.e4 e6 2.d4 d5 3.Nc3 Nf6 4.Bg5 Be7 5.e5 Nfd7 6.Bxe7 Qxe7 7.Qd2 c5 8.f4 a6 9.Nf3 Nc6
10.g4 cxd4 11.Ne2 f6 12.Nexd4 O-O 13.Nxc6 bxc6 14.O-O-O fxe5 15.Nxe5 Nxe5 16.fxe5
Bb7 17.h4 Rf7 18.Bd3 Raf8 19.Rh2 Qc7 20.Re1 c5 21.c4 Rf4 22.Qc2 Rxg4 23.Bxh7+ Kh8
24.Bd3 Qe7 25.Qd1 Rff4   1/2-1/2

[Event "Oberbayerische Jugend-EM 2014/15  U14"]
[Site "Riedenburg"]
[Date "2015.02.19"]
[Round "3"]
[White "Speter, Ivan"]
[Black "Karaman, Engin Deniz"]
[Result "0-1"]
[BlackElo "1380"]
[WhiteElo "1135"]

1.d4 Nf6 2.Nf3 d5 3.g3 e6 4.Bg2 c5 5.c4 Nbd7 6.b3 Bd6 7.Bb2 O-O 8.Ne5 cxd4 9.Nf3 dxc4
10.bxc4 Qa5+ 11.Nbd2 e5 12.O-O Nb6 13.Nb3 Qb4 14.a3 Qxc4 15.Rc1 Qb5 16.e3 Nc4 17.Ba1
Bxa3 18.Rb1 Qa4 19.Nfd2 Bf5 20.e4 Bg4 21.Qc2 Rac8 22.Nxc4 Rxc4 23.Qa2 Re8 24.f3 Bd7
25.Rf2 Be6 26.Bb2 Bd6 27.Qxa4 Rxa4 28.Nd2 Rb4 29.f4 Ba2 30.Rc1 Rxb2 31.fxe5 Bxe5
32.Nc4 Rxf2 33.Kxf2 Bxc4 34.Rxc4 Ng4+ 35.Kg1 Ne3 36.Rc1 Nxg2 37.Kxg2 Bf6 38.Rc7 d3
39.Rd7 Rd8 40.Rxb7 d2 41.Rxa7 d1=Q 42.h4 h5 43.g4 Qxg4+ 44.Kf2 Bd4+ 45.Kf1 Qxh4 46.Ra2
Qg3 47.e5 Rb8 48.e6 Rb1+ 49.Ke2 Qe3#   0-1

[Event "Oberbayerische Jugend-EM 2014/15  U14"]
[Site "Riedenburg"]
[Date "2015.02.19"]
[Round "3"]
[White "von Freymann, Franz"]
[Black "Feicht, Florian"]
[Result "1-0"]
[BlackElo "1492"]
[WhiteElo "1219"]

1.d4 d5 2.c4 dxc4 3.e4 e6 4.Nc3 Bb4 5.Bd2 Nc6 6.d5 exd5 7.exd5 Nce7 8.Bxc4 h6 9.Qa4+
Bd7 10.Qxb4 Qc8 11.Nf3 Nf6 12.O-O a5 13.Qa3 Bg4 14.Rfe1 Qd8 15.Bf4 Bxf3 16.gxf3 Nfg8
17.d6 cxd6 18.Bxd6 Rc8 19.Bb5+ Kf8 20.Nd5   1-0

[Event "Oberbayerische Jugend-EM 2014/15  U14"]
[Site "Riedenburg"]
[Date "2015.02.19"]
[Round "3"]
[White "Oelmaier, Manuel"]
[Black "Schneider, Paul"]
[Result "0-1"]
[BlackElo "1288"]
[WhiteElo "1058"]

1.e4 e5 2.Nf3 Nc6 3.Bc4 Nf6 4.Ng5 d5 5.exd5 Nd4 6.d6 Qxd6 7.Nxf7 Qc6 8.Nxh8 Qxg2 9.d3
Qxh1+ 10.Kd2 Qxh2 11.Qf1 Bh3 12.Bf7+ Ke7 13.Qd1 Qxf2+ 14.Kc3 Ne2+ 15.Kb3 Qb6+   0-1

[Event "Oberbayerische Jugend-EM 2014/15  U14"]
[Site "Riedenburg"]
[Date "2015.02.20"]
[Round "4"]
[White "Yaroshenko, Yaroslav"]
[Black "Schnegelberg, Christian"]
[Result "1/2-1/2"]
[BlackElo "1213"]
[WhiteElo "1419"]

1.d4 d5 2.c4 e6 3.Nf3 Nf6 4.Bf4 Nbd7 5.e3 c6 6.Nc3 Qa5 7.a3 Ne4 8.Rc1 Ndf6 9.Nd2 Nxd2
10.Qxd2 dxc4 11.Bxc4 Nd5 12.Bxd5 exd5 13.O-O Be7 14.Qe2 O-O 15.Rfe1 f5 16.Nb1 Qd8
17.Nd2 Re8 18.Nf3 Bf6 19.Ne5 Bg5 20.Bxg5 Qxg5 21.f4 Qf6 22.Rf1 Be6   1/2-1/2

[Event "Oberbayerische Jugend-EM 2014/15  U14"]
[Site "Riedenburg"]
[Date "2015.02.20"]
[Round "4"]
[White "von Freymann, Franz"]
[Black "Ott, Josef Sebastian"]
[Result "0-1"]
[BlackElo "1742"]
[WhiteElo "1219"]

1.d4 d5 2.c4 Nc6 3.Nf3 Bg4 4.Nc3 Nf6 5.Bg5 dxc4 6.d5 Nb8 7.e4 Nbd7 8.Bxc4 a6 9.Qa4
b5 10.Nxb5 axb5 11.Qxb5 Bxf3 12.gxf3 Qb8 13.Qc6 Qb4+ 14.Bd2 Qb8 15.e5 Kd8 16.exf6
Ne5 17.fxg7 Bxg7 18.Qc5 Nxf3+ 19.Ke2 Nxd2 20.Kxd2 Qxb2+ 21.Ke3 Qc3+ 22.Ke4 Qc2+ 23.Kf3
Bxa1 24.Rxa1 Qc3+   0-1

[Event "Oberbayerische Jugend-EM 2014/15  U14"]
[Site "Riedenburg"]
[Date "2015.02.20"]
[Round "4"]
[White "Hashagen, Tim"]
[Black "Schneider, Paul"]
[Result "1-0"]
[BlackElo "1288"]
[WhiteElo "1353"]

1.e4 e5 2.Nf3 Nc6 3.Bc4 Nf6 4.Ng5 d5 5.exd5 Nd4 6.c3 b5 7.cxd4 bxc4 8.dxe5 Qxd5 9.O-O
Bb7 10.Qf3 O-O-O 11.Qxd5 Rxd5 12.Nc3 Rxe5 13.Nxf7 Rf5 14.Nxh8 Rg5 15.f3 Bc5+ 16.Kh1
Ng4 17.d4 Bxd4 18.Bxg5 Nf2+ 19.Rxf2 Bxf2 20.Rd1 c6 21.Nf7 h6 22.Nd6+ Kd7 23.Nxb7+
Kc7 24.Na5 Be1 25.Rxe1 hxg5 26.Nxc4 g4 27.fxg4 g5 28.h4 gxh4 29.g5 h3 30.gxh3 c5
31.g6 a5 32.g7 a4 33.g8=Q a3 34.Re6 axb2 35.Qf7+ Kd8 36.Re8#   1-0

[Event "Oberbayerische Jugend-EM 2014/15  U14"]
[Site "Riedenburg"]
[Date "2015.02.20"]
[Round "4"]
[White "Feicht, Florian"]
[Black "Kleine, Jakob"]
[Result "1/2-1/2"]
[BlackElo "1380"]
[WhiteElo "1492"]

1.e4 e5 2.Nf3 Nc6 3.Bb5 a6 4.Ba4 Nf6 5.d3 b5 6.Bb3 h6 7.a3 Bc5 8.Be3 Ba7 9.Nc3 Bb7
10.O-O O-O 11.Qd2 d6 12.h3 Bxe3 13.Qxe3 Nh5 14.Ne2 Nf6 15.Nc3 Nd7 16.Ba2 Nc5 17.b4
Nd7 18.Rfd1   1/2-1/2

[Event "Oberbayerische Jugend-EM 2014/15  U14"]
[Site "Riedenburg"]
[Date "2015.02.20"]
[Round "4"]
[White "Karaman, Engin Deniz"]
[Black "Wachtel, Arthur"]
[Result "0-1"]
[BlackElo "1489"]
[WhiteElo "1380"]

1.e4 e6 2.d3 d5 3.Nd2 Nc6 4.Ngf3 Bc5 5.c3 Be7 6.g3 Nf6 7.Bg2 O-O 8.O-O b6 9.Qe1 Ba6
10.c4 Bb4 11.a3 Bxd2 12.Nxd2 dxc4 13.dxc4 e5 14.b4 Nd4 15.Qd1 Bb7 16.Re1 c5 17.Rb1
Qc7 18.Nb3 Rad8 19.Qd3 cxb4 20.axb4 Nxb3 21.Qxb3 Rd4 22.f3 Rxc4 23.Bb2 Rc6 24.Bf1
a6 25.b5 axb5 26.Bxb5 Rc5 27.Ba3 Rc3 28.Qb4 Ra8 29.Bb2 Rxf3 30.Rbc1 Qb8 31.Kg2 Rf5
32.Bc6 Rg5 33.Qxb6 Bxc6 34.Rxc6 Qxb6 35.Rxb6 Re8 36.Rb4 h5 37.Bc1 Rg6 38.Rf1 Rg4
39.Kf3 Rc8 40.Bd2 Rd8 41.h3 Rxe4 42.Rxe4 Nxe4 43.Kxe4 Rxd2 44.Kxe5 Rd3 45.Rg1 h4
46.Ke4 Rxg3 47.Rxg3 hxg3 48.Kf3 g6 49.Kxg3 Kg7 50.Kf4 Kh6 51.Kg4 f5+ 52.Kf4 Kh5 53.Kg3
g5 54.Kf3 Kh4 55.Kg2 g4 56.hxg4 Kxg4 57.Kf2 Kf4 58.Kf1 Kf3   0-1

[Event "Oberbayerische Jugend-EM 2014/15  U14"]
[Site "Riedenburg"]
[Date "2015.02.20"]
[Round "4"]
[White "Speter, Ivan"]
[Black "Erdösi, Niko"]
[Result "0-1"]
[BlackElo "1302"]
[WhiteElo "1135"]

1.d4 d5 2.Nf3 Nf6 3.g3 Bf5 4.Bg2 Nc6 5.O-O g6 6.c4 Bg7 7.Qa4 O-O 8.Nc3 Bc8 9.Ne5 Nxd4
10.cxd5 Nf5 11.e4 Nd6 12.Nf3 e5 13.Nxe5 Nfxe4 14.Nxe4 Bxe5 15.Nxd6 Qxd6 16.b3 Bxa1
17.Ba3 Qf6 18.Bxf8 Kxf8 19.Qb4+ Kg7 20.d6 Bc3 21.Qb5 a6 22.Qe8 Qxd6 23.Rc1 Bf6 24.Bf3
c6 25.Rd1 Qe7 26.Qxe7 Bxe7 27.Re1 Be6 28.Bg4 Bxg4 29.Rxe7 Rb8 30.Re4 Bf5 31.Rd4 Bb1
32.a3 Bc2 33.b4 Bf5 34.g4 Be6 35.h4 Re8 36.Kg2 Bd5+ 37.Kh3 b6 38.f3 Re3 39.Rf4 Rxa3
40.h5 Ra4 41.Kh4 a5 42.g5 Rxb4 43.h6+ Kg8 44.Kg3 Rxf4 45.Kxf4 a4 46.Ke5 a3 47.f4
a2 48.f5 gxf5 49.g6 a1=Q+ 50.Kxf5 Qf1+ 51.Ke5 fxg6 52.Kd6 Qf6+ 53.Kc7 Kf7 54.Kxb6
Ke7 55.Kc7 Qd6+ 56.Kc8 Qd7+ 57.Kb8 Kd6 58.Ka8 c5+ 59.Kb8 Qb7#   0-1

[Event "Oberbayerische Jugend-EM 2014/15  U14"]
[Site "Riedenburg"]
[Date "2015.02.20"]
[Round "4"]
[White "Oelmaier, Manuel"]
[Black "Feicht, Franz"]
[Result "0-1"]
[BlackElo "1408"]
[WhiteElo "1058"]

1.e4 e5 2.Nf3 Nc6 3.Bc4 Bc5 4.Nc3 Nf6 5.d3 h6 6.Be3 Bb6 7.Bxb6 axb6 8.d4 exd4 9.Nxd4
Ne5 10.Bb3 d6 11.O-O O-O 12.Re1 Bd7 13.Qd2 Re8 14.Nd5 c5 15.Nf5 Bxf5 16.exf5 c4 17.Rxe5
Rxe5 18.Bxc4 Rxf5 19.Ne3 Re5 20.Rd1 b5 21.Bb3 Ra6 22.Qc3 Qe8 23.Nd5 Nxd5 24.Bxd5
b6 25.Kf1 Ra7 26.Bc6 Qe6 27.a3 Rc7 28.Qf3 Qc4+   0-1

[Event "Oberbayerische Jugend-EM 2014/15  U14"]
[Site "Riedenburg"]
[Date "2015.02.20"]
[Round "5"]
[White "Schnegelberg, Christian"]
[Black "Ott, Josef Sebastian"]
[Result "0-1"]
[BlackElo "1742"]
[WhiteElo "1213"]

1.d4 d5 2.c4 Nc6 3.Nf3 Bg4 4.Nc3 e6 5.e3 Nf6 6.h3 Bh5 7.c5 a6 8.Rb1 Be7 9.b4 O-O 10.g4
Bg6 11.Bd3 Ne4 12.Qc2 Nxc3 13.Qxc3 Bxd3 14.Qxd3 f6 15.h4 e5 16.Nd2 exd4 17.exd4 Qd7
18.g5 Rae8 19.Kd1 Qg4+ 20.Kc2 Nxd4+ 21.Kc3 Nb5+ 22.Kc2 Qd4 23.a4 Qxd3+ 24.Kxd3 Na7
25.Bb2 fxg5 26.Rhg1 Rxf2 27.hxg5 Nc6 28.b5 axb5 29.axb5 Nb4+ 30.Kc3 Bxc5 31.Rbe1
d4+ 32.Kc4 Rxe1 33.Rxe1 Rxd2 34.Kxc5 Nd3+ 35.Kxd4 Nxe1+ 36.Kc3 Rxb2 37.Kxb2 Nf3 38.Kc3
Nxg5 39.Kd4 h5 40.Ke5 h4 41.Kf4 h3 42.Kg3 c5 43.bxc6 bxc6 44.Kg4 c5 45.Kxg5 h2 46.Kf5
h1=Q 47.Kg6 c4 48.Kf5 c3 49.Kg6 c2 50.Kf5 c1=Q 51.Kg6 Qe4+ 52.Kh5 Qh6#   0-1

[Event "Oberbayerische Jugend-EM 2014/15  U14"]
[Site "Riedenburg"]
[Date "2015.02.20"]
[Round "5"]
[White "Wachtel, Arthur"]
[Black "Yaroshenko, Yaroslav"]
[Result "1/2-1/2"]
[BlackElo "1419"]
[WhiteElo "1489"]

1.e4 e5 2.Nf3 Nc6 3.Bc4 Be7 4.c3 Nf6 5.d3 d6 6.Bb3 O-O 7.Nbd2 Be6 8.Nf1 d5 9.Qe2 dxe4
10.dxe4 Bxb3 11.axb3 Ne8 12.Ng3 Nd6 13.O-O Qd7 14.Rd1 Qe6 15.b4 a6 16.Qc2 Rad8 17.b3
f6 18.Be3 Kh8 19.h3 Rd7 20.Bc5 Rfd8 21.Bxd6 cxd6 22.Nf5   1/2-1/2